000 00824nam a2200253 i 4500
001 129813
003 ES-MaACL
005 20230906193601.0
007 t|
008 070706s2002 fr |||| | fre d
020 _a2-7111-3436-9
080 _a34(038)
100 1 _aBissardon, Sébastien.
_929019
245 1 0 _aGuide du langage juridique
_b: les pieges á éviter /
_cSébastien Bissardon ; avec le concours de Raphaële Burel.
260 _a[Francia] :
_bLitec,
_c[2002]
300 _a357 p. ;
_c18 cm.
490 1 _aCarré droit. Juris classeur
500 _aÍndice.
650 1 4 _aDerecho-
_vDiccionarios.
_911610
700 1 _aBurel, Raphaële.
_932603
830 0 _aCarré droit. Juris classeur
_9219383
852 _aES-MaACL
_jE-11840
_z. - Biblioteca Jacinto Martínez Lacalle
999 _c129813
_d129813